10 Indian States closer to Pakistan - Statistics

General Stats
  • This quiz has been taken 23 times
  • The average score is 8 of 10
Answer Stats
Capital State Km/mi to the border % Correct
Chandigarh Punjab 0 Km0 Mi
95%
Jammu (Winter) Srinagar (Summer) Jammu and Kashmir 0 Km0 Mi
90%
Jaipur Rajasthan 0 Km0 Mi
86%
Gandhinagar Gujarat 0 Km0 Mi
81%
Chandigarh Haryana 71.03 Km44.14 Mi
81%
Mumbai Maharashtra 400.8 Km249.09 Mi
81%
Lucknow Uttar Pradesh 285.97 Km177.70 Mi
81%
Shimla Himachal Pradesh 29.15 km18.12 Mi
76%
Leh Kargil Ladakh 0 Km0 Mi
76%
Dehradun Uttarakhand 295.84 Km183.83 Mi
62%
No matching quizzes found
Score Distribution
Percent of People with Each Score
Percentile by Number Answered
Your Score History
You have not taken this quiz